[Event "50th POL-ch"]
[Site "Czestochowa POL"]
[Date "1993.04.??"]
[Round "9"]
[White "Pedzich, Dominik"]
[Black "Jakubiec, Artur"]
[Result "1/2-1/2"]
[WhiteElo "2390"]
[BlackElo "2355"]
[EventDate "1993.04.17"]
[PlyCount "93"]

1.e4 c6 2.d4 d5 3.Nc3 dxe4 4.Nxe4 Bf5 5.Ng3 Bg6 6.h4 h6 7.Nf3 Nd7 8.h5 Bh7
9.Bd3 Bxd3 10.Qxd3 Qc7 11.Bd2 O-O-O 12.O-O-O Ngf6 13.Ne4 e6 14.g3 Nc5 15.
Nxc5 Bxc5 16.Rh4 Bd6 17.Qe2 Rhe8 18.Ne5 Bf8 19.c4 c5 20.Bc3 Bd6 21.dxc5 
Bxc5 22.Rhh1 Qe7 23.f4 Rxd1+ 24.Rxd1 Rd8 25.Rxd8+ Kxd8 26.g4 Ne8 27.Kc2 
Kc8 28.Qd3 f6 29.Ng6 Qd7 30.Qxd7+ Kxd7 31.Kd3 Nd6 32.b4 Bf2 33.g5 Ne8 34.
gxh6 gxh6 35.c5 b6 36.Kc4 Be3 37.a4 bxc5 38.bxc5 Kc6 39.Ne7+ Kd7 40.Ng6 
Kc6 41.f5 Bxc5 42.fxe6 Ba3 43.Bd2 Ng7 44.Bxh6 Nxh5 45.Be3 Ng7 46.e7 Kd7 
47.Bxa7 1/2-1/2

[Event "50th POL-ch"]
[Site "Czestochowa POL"]
[Date "1993.04.??"]
[Round "10"]
[White "Ciemniak, Robert"]
[Black "Matlak, Marek"]
[Result "0-1"]
[WhiteElo "2440"]
[BlackElo "2435"]
[EventDate "1993.04.17"]
[PlyCount "96"]

1.e4 e6 2.d4 d5 3.e5 c5 4.c3 Qb6 5.Nf3 Nc6 6.a3 Bd7 7.b4 cxb4 8.cxb4 Rc8 
9.Be3 Nh6 10.Bd3 Ng4 11.O-O Be7 12.Nbd2 Nxe3 13.fxe3 Nb8 14.Qe2 Ba4 15.
Rac1 O-O 16.Nb1 Bd7 17.Nc3 g6 18.Qb2 f5 19.exf6 Bxf6 20.Qb3 Bg7 21.Kh1 Qd6
22.b5 Bh6 23.Rce1 Be8 24.Re2 Nd7 25.e4 Nb6 26.Rfe1 Bf7 27.a4 Kh8 28.a5 Nc4
29.Bxc4 Rxc4 30.Rd1 Bg8 31.exd5 exd5 32.Ree1 Qc7 33.Ne2 Qxa5 34.Ne5 Rc7 
35.Ra1 Qd2 36.Nf3 Qc2 37.Qxc2 Rxc2 38.Rxa7 Re8 39.Ne5 Bd2 40.Rd1 Be3 41.
Ng1 Rxe5 42.Rxb7 Re8 43.Re1 Rcc8 44.Nf3 Bxd4 45.Rb1 Be3 46.b6 Rb8 47.Rxb8 
Rxb8 48.b7 d4 0-1

[Event "50th POL-ch"]
[Site "Czestochowa POL"]
[Date "1993.04.??"]
[Round "10"]
[White "Gizynski, Tomasz"]
[Black "Grabarczyk, Miroslaw"]
[Result "0-1"]
[WhiteElo "2350"]
[BlackElo "2455"]
[EventDate "1993.04.17"]
[PlyCount "80"]

1.e4 c6 2.d4 d5 3.e5 c5 4.c3 Nc6 5.Be3 Qb6 6.Qd2 c4 7.Be2 Bf5 8.Nf3 h6 9.
O-O e6 10.Qc1 Nge7 11.b3 cxb3 12.axb3 Na5 13.Nfd2 Nxb3 14.Nxb3 Qxb3 15.Na3
Nc6 16.Nb5 Kd7 17.c4 Bd3 18.Bxd3 Qxd3 19.cxd5 Qxb5 20.dxc6+ bxc6 21.Qc2 
Bb4 22.Rfc1 a5 23.d5 exd5 24.Qf5+ Ke7 25.Rab1 Kf8 26.e6 Qb7 27.Rxc6 Kg8 
28.Rbc1 fxe6 29.Qxe6+ Qf7 30.Qh3 Re8 31.Qg3 Kh7 32.Bd4 Re4 33.Rc7 Be7 34.
Qc3 Re8 35.f3 Re6 36.Qxa5 Qg6 37.Bf2 Bd6 38.Rd7 Bf4 39.Rf1 Qh5 40.Qxd5 
Qxh2# 0-1

[Event "50th POL-ch"]
[Site "Czestochowa POL"]
[Date "1993.04.??"]
[Round "10"]
[White "Pinkas, Karol"]
[Black "Jakubiec, Artur"]
[Result "1-0"]
[WhiteElo "2355"]
[BlackElo "2355"]
[EventDate "1993.04.17"]
[PlyCount "51"]

1.e4 c5 2.Nf3 d6 3.d4 cxd4 4.Nxd4 Nf6 5.Nc3 a6 6.Bg5 e6 7.f4 Nbd7 8.Qf3 
Qc7 9.O-O-O Be7 10.g4 b5 11.Bxf6 gxf6 12.f5 Ne5 13.Qh3 O-O 14.Qh5 Kh8 15.
h4 Rg8 16.g5 Bd7 17.Kb1 Qb7 18.Bg2 Rg7 19.Rhf1 Rf8 20.Nce2 Rgg8 21.Ng3 Bd8
22.Bh3 Qc8 23.Qh6 Re8 24.fxe6 fxe6 25.Rxf6 Ng6 26.Rf7 1-0

[Event "50th POL-ch"]
[Site "Czestochowa POL"]
[Date "1993.04.??"]
[Round "10"]
[White "Sapis, Witalis"]
[Black "Maciejewski, Andrzej"]
[Result "1/2-1/2"]
[WhiteElo "2420"]
[BlackElo "2375"]
[EventDate "1993.04.17"]
[PlyCount "116"]

1.d4 g6 2.c4 Bg7 3.Nc3 d6 4.Nf3 c6 5.g3 a6 6.a4 a5 7.Bg2 Nf6 8.O-O Na6 9.
h3 O-O 10.e4 Nd7 11.Be3 e5 12.d5 Ndc5 13.Ne1 Nb4 14.Na2 Nxa2 15.Rxa2 cxd5 
16.Bxc5 dxc5 17.cxd5 f5 18.Qc2 b6 19.Nf3 Qd6 20.Rd1 Bh6 21.b3 Ra7 22.Qc3 
Re7 23.Re2 fxe4 24.Rxe4 Bf5 25.Rh4 Bg7 26.Nd2 e4 27.Nc4 Bxc3 28.Nxd6 e3 
29.fxe3 Rxe3 30.Nxf5 gxf5 31.d6 Rxg3 32.Kf2 Rg6 33.Rd5 Bd4+ 34.Kf3 Rd8 35.
d7 Rg7 36.Rh6 Rg6 37.Rxg6+ hxg6 38.Rd6 Kf7 39.Bf1 Ke7 40.Rxg6 Rxd7 41.Rxb6
c4 42.Rb5 cxb3 43.Rxb3 Kf6 44.Rb5 Bc3 45.Rc5 Bb4 46.Rc6+ Ke5 47.Bc4 Rh7 
48.Re6+ Kd4 49.Bf1 Kd5 50.Rf6 Rh5 51.Rb6 Ke5 52.Rb5+ Kf6 53.Kg2 Rg5+ 54.
Kf3 Rh5 55.Kg2 Kg5 56.Be2 Rh6 57.Bd3 Rf6 58.Kf3 Rf8 1/2-1/2

[Event "50th POL-ch"]
[Site "Czestochowa POL"]
[Date "1993.04.??"]
[Round "10"]
[White "Schmidt, Wlodzimierz"]
[Black "Pedzich, Dominik"]
[Result "1/2-1/2"]
[WhiteElo "2425"]
[BlackElo "2390"]
[EventDate "1993.04.17"]
[PlyCount "62"]

1.Nf3 Nf6 2.c4 g6 3.Nc3 Bg7 4.e4 d6 5.d4 O-O 6.Be2 e5 7.O-O Nc6 8.d5 Ne7 
9.Nd2 a5 10.a3 c5 11.Rb1 b6 12.b4 axb4 13.axb4 Ne8 14.bxc5 bxc5 15.Nb3 f5 
16.Bg5 h6 17.Bd2 fxe4 18.Nxe4 Nf5 19.Bd3 Nf6 20.Ra1 Rxa1 21.Qxa1 Nxe4 22.
Bxe4 h5 23.Qc1 Rf7 24.Qc2 Kh7 25.Ra1 Qf6 26.f3 Bh6 27.Ra8 Bd7 28.Qd3 Bxd2 
29.Nxd2 Qg5 30.Nf1 Nh4 31.Qd2 Qf6 1/2-1/2

[Event "50th POL-ch"]
[Site "Czestochowa POL"]
[Date "1993.04.??"]
[Round "10"]
[White "Urban, Klaudiusz"]
[Black "Kuczynski, Robert"]
[Result "1/2-1/2"]
[WhiteElo "2450"]
[BlackElo "2525"]
[EventDate "1993.04.17"]
[PlyCount "119"]

1.d4 d5 2.c4 c6 3.Nf3 Nf6 4.Nc3 e6 5.g3 Nbd7 6.Bg2 dxc4 7.O-O Bb4 8.a4 O-O
9.Qc2 Qe7 10.Bf4 Nd5 11.Bg5 f6 12.Bc1 Ba5 13.Na2 e5 14.Qxc4 e4 15.Nd2 f5 
16.e3 Nf6 17.Qc2 Be6 18.Nc4 Nb4 19.Nxb4 Bxb4 20.Bd2 Bxd2 21.Nxd2 Bd5 22.
Rfc1 a5 23.Qc5 Qxc5 24.Rxc5 Nd7 25.Rc3 Kf7 26.Rb1 Ke6 27.Bf1 Ra7 28.Be2 
Rb8 29.Rbc1 Kd6 30.Nc4+ Ke6 31.Ra3 Rba8 32.Rac3 Rb8 33.Na3 g6 34.Kf1 Nb6 
35.b3 Nd7 36.Ke1 h5 37.Kd2 Nf6 38.h3 Rh8 39.Rg1 Kf7 40.Nc4 Nd7 41.Kc1 Ke6 
42.Na3 Nb6 43.Kb2 Kf6 44.Nb1 Be6 45.Rcc1 Bd5 46.Nc3 Be6 47.Nb1 Bd5 48.Nd2 
Ke7 49.Rg2 Raa8 50.Ka3 Rh7 51.Bd1 Nd7 52.Be2 Nb6 53.Nb1 Be6 54.Rgg1 Kf6 
55.Nd2 Bd5 56.Rc2 Rhh8 57.Nc4 Nd7 58.Nd2 Ra7 59.Bc4 Nb6 60.Be2 1/2-1/2

[Event "50th POL-ch"]
[Site "Czestochowa POL"]
[Date "1993.04.??"]
[Round "11"]
[White "Jakubiec, Artur"]
[Black "Schmidt, Wlodzimierz"]
[Result "1/2-1/2"]
[WhiteElo "2355"]
[BlackElo "2425"]
[EventDate "1993.04.17"]
[PlyCount "21"]

1.e4 e6 2.d4 d5 3.exd5 exd5 4.Nf3 Bd6 5.c4 Nf6 6.Nc3 c6 7.Bg5 dxc4 8.Bxc4 
O-O 9.O-O Nbd7 10.Bb3 Nb6 11.Ne5 1/2-1/2

[Event "50th POL-ch"]
[Site "Czestochowa POL"]
[Date "1993.04.??"]
[Round "11"]
[White "Kuczynski, Robert"]
[Black "Sapis, Witalis"]
[Result "1/2-1/2"]
[WhiteElo "2525"]
[BlackElo "2420"]
[EventDate "1993.04.17"]
[PlyCount "86"]

1.e4 c6 2.d4 d5 3.exd5 cxd5 4.c4 Nf6 5.Nc3 g6 6.Qb3 Bg7 7.cxd5 O-O 8.Be2 
Nbd7 9.Bf3 Nb6 10.Bg5 a5 11.Nge2 a4 12.Qb5 Bd7 13.Qb4 Bf5 14.O-O Qd6 15.
Qxd6 exd6 16.Ng3 Bd3 17.Rfd1 Bc4 18.Nge4 Nxe4 19.Nxe4 Nc8 20.Nd2 Bb5 21.
Nb1 h6 22.Be3 f5 23.g3 g5 24.Na3 Ba6 25.Rac1 f4 26.gxf4 gxf4 27.Bd2 Bxd4 
28.Bc3 Bxc3 29.Rxc3 Ne7 30.Bg4 Ng6 31.Nc2 Ne5 32.Be6+ Kh8 33.Nd4 f3 34.h3 
Rf6 35.Kh2 Raf8 36.Rg1 Rf4 37.Nc2 Nd3 38.Rc7 Rc4 39.Re7 Rxc2 40.Rgg7 Rxf2+
41.Kh1 Rf1+ 42.Kh2 Rf2+ 43.Kh1 Rf1+ 1/2-1/2

[Event "50th POL-ch"]
[Site "Czestochowa POL"]
[Date "1993.04.??"]
[Round "11"]
[White "Maciejewski, Andrzej"]
[Black "Markowski, Tomasz"]
[Result "0-1"]
[WhiteElo "2375"]
[BlackElo "2450"]
[EventDate "1993.04.17"]
[PlyCount "138"]

1.g3 g6 2.Bg2 Bg7 3.e4 c5 4.c3 Nc6 5.Nf3 e5 6.d3 Nge7 7.a3 O-O 8.b4 d6 9.
O-O h6 10.Be3 b6 11.d4 exd4 12.cxd4 Bg4 13.Qd2 Bxf3 14.Bxf3 Nxd4 15.Bxd4 
cxd4 16.a4 d5 17.Na3 dxe4 18.Bxe4 Rc8 19.Rfd1 Qd7 20.Bd3 Nd5 21.Ba6 Rcd8 
22.Nb5 Qe7 23.Rab1 Nc3 24.Nxc3 dxc3 25.Qc2 Rxd1+ 26.Rxd1 Qxb4 27.Rd7 Qc5 
28.Bd3 a5 29.Qd1 Qc6 30.Bc2 Re8 31.Rd8 Rxd8 32.Qxd8+ Kh7 33.Qd3 Bf6 34.Bb3
Kg7 35.Bc2 h5 36.h4 Qc5 37.Kg2 Qd4 38.Qe2 Qd5+ 39.Kg1 Bd4 40.Qd1 Qc5 41.
Qe2 Qe5 42.Kf1 Qxe2+ 43.Kxe2 f6 44.f4 Bc5 45.Kf3 f5 46.Ke2 Kf6 47.Bd1 Ke7 
48.Bb3 Bg1 49.Kf1 Bc5 50.Ke2 Bd4 51.Ke1 Kd6 52.Bf7 Bf2+ 53.Kd1 Bxg3 54.
Bxg6 Ke6 55.Kc2 Bxh4 56.Bxh5 Kd5 57.Kd3 Bf6 58.Be8 Kc5 59.Bb5 Kb4 60.Kc2 
Bg7 61.Bd7 Bd4 62.Bb5 Be3 63.Bd7 Bd2 64.Bxf5 Kxa4 65.Bd7+ Kb4 66.f5 Bg5 
67.Be8 Bf6 68.Bd7 b5 69.Be8 a4 0-1

[Event "50th POL-ch"]
[Site "Czestochowa POL"]
[Date "1993.04.??"]
[Round "11"]
[White "Matlak, Marek"]
[Black "Gizynski, Tomasz"]
[Result "1-0"]
[WhiteElo "2435"]
[BlackElo "2350"]
[EventDate "1993.04.17"]
[PlyCount "63"]

1.d4 e6 2.Nf3 Nf6 3.Bg5 c5 4.e3 d5 5.c3 Nbd7 6.Nbd2 Be7 7.Bd3 b6 8.O-O Bb7
9.Ne5 Nxe5 10.dxe5 Nd7 11.Bxe7 Qxe7 12.f4 O-O-O 13.Qe2 c4 14.Bc2 f6 15.
exf6 gxf6 16.e4 Rhg8 17.exd5 Bxd5 18.Be4 Qc5+ 19.Kh1 Qc6 20.b3 Nc5 21.Bxd5
exd5 22.bxc4 dxc4 23.Nxc4 Ne4 24.Rf3 Rge8 25.Re3 Nxc3 26.Qg4+ f5 27.Qxf5+ 
Kb8 28.Rxc3 Re4 29.Qf7 Rde8 30.Rg1 R4e7 31.Qf5 Re4 32.Nd2 1-0

[Event "50th POL-ch"]
[Site "Czestochowa POL"]
[Date "1993.04.??"]
[Round "11"]
[White "Pedzich, Dominik"]
[Black "Urban, Klaudiusz"]
[Result "0-1"]
[WhiteElo "2390"]
[BlackElo "2450"]
[EventDate "1993.04.17"]
[PlyCount "70"]

1.e4 g6 2.d4 Bg7 3.Nc3 d6 4.f4 Nf6 5.Nf3 O-O 6.Bd3 Na6 7.O-O c5 8.d5 Bg4 
9.h3 Bxf3 10.Rxf3 Rb8 11.a4 Nc7 12.Bc4 Nd7 13.Qd3 Nb6 14.Bd2 Nxc4 15.Qxc4 
b6 16.f5 a6 17.Raf1 b5 18.Qe2 Qd7 19.b3 bxa4 20.Nxa4 Nb5 21.c3 Na3 22.Qd1 
c4 23.b4 a5 24.fxg6 hxg6 25.bxa5 Qa7+ 26.Kh1 Qxa5 27.Bc1 Rb1 28.Nb2 Qb5 
29.Qe2 Rb8 30.R3f2 Qb3 31.e5 Bxe5 32.Qe4 f5 33.Qh4 Qxc3 34.Na4 Qxc1 35.Kg1
Qe3 0-1

[Event "50th POL-ch"]
[Site "Czestochowa POL"]
[Date "1993.04.??"]
[Round "11"]
[White "Skalik, Przemyslaw"]
[Black "Ciemniak, Robert"]
[Result "1/2-1/2"]
[WhiteElo "2340"]
[BlackElo "2440"]
[EventDate "1993.04.17"]
[PlyCount "30"]

1.d4 d5 2.Nf3 Nc6 3.c4 Bg4 4.cxd5 Bxf3 5.gxf3 Qxd5 6.e3 e5 7.Nc3 Bb4 8.Bd2
Bxc3 9.bxc3 Qd6 10.Qb3 O-O-O 11.O-O-O Nf6 12.Kb1 Qe7 13.Bc1 Nd5 14.Bb2 Qh4
15.c4 Nb6 1/2-1/2

[Event "50th POL-ch"]
[Site "Czestochowa POL"]
[Date "1993.04.??"]
[Round "12"]
[White "Grabarczyk, Miroslaw"]
[Black "Matlak, Marek"]
[Result "1-0"]
[WhiteElo "2455"]
[BlackElo "2435"]
[EventDate "1993.04.17"]
[PlyCount "127"]

1.d4 d5 2.c4 e6 3.Nf3 c6 4.Qc2 Nf6 5.g3 dxc4 6.Qxc4 b5 7.Qc2 Bb7 8.Bg2 
Nbd7 9.a4 a6 10.Ng5 Qb6 11.O-O c5 12.Bxb7 Qxb7 13.axb5 axb5 14.Rxa8+ Qxa8 
15.dxc5 Bxc5 16.Nc3 b4 17.Nce4 Be7 18.Rd1 h6 19.Nxf6+ Nxf6 20.Nf3 O-O 21.
Be3 Rc8 22.Qd3 Rd8 23.Qb1 Rxd1+ 24.Qxd1 Qe4 25.Bd4 Qc6 26.Ne5 Qd5 27.Qd3 
Nd7 28.Qc4 Qxc4 29.Nxc4 Nb8 30.Kf1 Nc6 31.e3 f6 32.Bb6 Kf7 33.Ke2 f5 34.
Bd4 Bf6 35.Bxf6 Kxf6 36.Kd3 e5 37.e4 g6 38.Ne3 Ke6 39.Nd5 fxe4+ 40.Kxe4 b3
41.Ne3 Kd6 42.Nc4+ Ke6 43.Nd2 Na5 44.f3 h5 45.h4 Nb7 46.Nxb3 Nd6+ 47.Kd3 
Nf5 48.Nc5+ Kd5 49.Ne4 Nd4 50.Nc3+ Ke6 51.Ke4 Nf5 52.Ne2 Nd6+ 53.Kd3 Nf5 
54.b3 Kd6 55.b4 Kd5 56.Nc3+ Kc6 57.Ne2 Kb5 58.Ke4 Kxb4 59.Kxe5 Kc4 60.Nf4 
Nxg3 61.Nxg6 Nf1 62.f4 Nd2 63.f5 Nf3+ 64.Kd6 1-0

[Event "50th POL-ch"]
[Site "Czestochowa POL"]
[Date "1993.04.??"]
[Round "12"]
[White "Markowski, Tomasz"]
[Black "Kuczynski, Robert"]
[Result "1/2-1/2"]
[WhiteElo "2450"]
[BlackElo "2525"]
[EventDate "1993.04.17"]
[PlyCount "90"]

1.e4 c5 2.g3 Nc6 3.Bg2 g6 4.Ne2 Bg7 5.O-O d6 6.c3 e5 7.d3 Nge7 8.a3 a5 9.
Be3 O-O 10.a4 b6 11.Na3 d5 12.Qc2 Be6 13.Rad1 Rc8 14.Bc1 Qd7 15.b3 Bh3 16.
c4 Bxg2 17.Kxg2 d4 18.Ng1 h6 19.Qe2 Rce8 20.Nb1 f5 21.Nh3 Nc8 22.Rde1 Nd6 
23.f3 Rf7 24.Na3 Ref8 25.Nb5 f4 26.Nxd6 Qxd6 27.g4 Bf6 28.Kh1 Bh4 29.Rd1 
Nd8 30.Rg1 Ne6 31.Kg2 Rh7 32.Kf1 Kf7 33.Qg2 Rfh8 34.Bd2 Qe7 35.Ke2 Ke8 36.
Rdf1 Kd7 37.Kd1 Kd6 38.Kc2 Qf7 39.Kd1 Qd7 40.Kc2 Qd8 41.Kd1 Be7 42.Kc2 h5 
43.g5 h4 44.Rf2 Rh5 45.Qf1 Qf8 1/2-1/2

[Event "50th POL-ch"]
[Site "Czestochowa POL"]
[Date "1993.04.??"]
[Round "12"]
[White "Pinkas, Karol"]
[Black "Schmidt, Wlodzimierz"]
[Result "0-1"]
[WhiteElo "2355"]
[BlackElo "2425"]
[EventDate "1993.04.17"]
[PlyCount "48"]

1.e4 e6 2.d4 d5 3.Nc3 Nf6 4.Bg5 dxe4 5.Nxe4 Nbd7 6.Nf3 Be7 7.Nxf6+ Bxf6 8.
h4 O-O 9.Bd3 c5 10.c3 cxd4 11.cxd4 e5 12.Qc2 h6 13.Bxf6 Qxf6 14.Ng5 exd4 
15.Bc4 g6 16.Ne4 Qc6 17.O-O-O Ne5 18.Rxd4 Bf5 19.f4 Qb6 20.Rhd1 Nxc4 21.
Rxc4 Rac8 22.Rdd4 Rfe8 23.g4 Qxd4 24.Rxd4 Rxc2+ 0-1

[Event "50th POL-ch"]
[Site "Czestochowa POL"]
[Date "1993.04.??"]
[Round "12"]
[White "Sapis, Witalis"]
[Black "Pedzich, Dominik"]
[Result "1/2-1/2"]
[WhiteElo "2420"]
[BlackElo "2390"]
[EventDate "1993.04.17"]
[PlyCount "36"]

1.d4 Nf6 2.c4 g6 3.Nc3 Bg7 4.e4 d6 5.Be2 O-O 6.Bg5 c5 7.d5 h6 8.Bf4 e6 9.
dxe6 Bxe6 10.Bxd6 Re8 11.Nf3 Qb6 12.Bxb8 Raxb8 13.Qc2 Nh5 14.g3 Bxc3+ 15.
Qxc3 Bh3 16.e5 Bg2 17.Rg1 Bxf3 18.Bxf3 Qd6 1/2-1/2

[Event "50th POL-ch"]
[Site "Czestochowa POL"]
[Date "1993.04.??"]
[Round "12"]
[White "Urban, Klaudiusz"]
[Black "Jakubiec, Artur"]
[Result "0-1"]
[WhiteElo "2450"]
[BlackElo "2355"]
[EventDate "1993.04.17"]
[PlyCount "70"]

1.d4 f5 2.g3 Nf6 3.Bg2 g6 4.c3 Bg7 5.Qb3 Nc6 6.Nd2 d6 7.e4 e5 8.d5 Ne7 9.
exf5 gxf5 10.Ne2 O-O 11.O-O Kh8 12.c4 Qe8 13.f4 e4 14.Re1 b5 15.Nc3 bxc4 
16.Nxc4 Ba6 17.Bf1 Rb8 18.Qd1 Bb7 19.Ne3 c6 20.dxc6 Qxc6 21.Bd2 Ba6 22.Qa4
Bxf1 23.Qxc6 Nxc6 24.Rxf1 Nd4 25.Bc1 Nd7 26.Nc4 Nc2 27.Bd2 Nxa1 28.Rxa1 
Nb6 29.Na5 d5 30.Nc6 Rb7 31.Be3 Nc4 32.Bd4 Bxd4+ 33.Nxd4 Rxb2 34.Nxd5 Rd2 
35.Ne6 Rb8 0-1

[Event "50th POL-ch"]
[Site "Czestochowa POL"]
[Date "1993.04.??"]
[Round "13"]
[White "Jakubiec, Artur"]
[Black "Sapis, Witalis"]
[Result "1/2-1/2"]
[WhiteElo "2355"]
[BlackElo "2420"]
[EventDate "1993.04.17"]
[PlyCount "27"]

1.e4 c6 2.d4 d5 3.Nc3 dxe4 4.Nxe4 Nd7 5.Nf3 Ngf6 6.Nxf6+ Nxf6 7.Bc4 Bf5 8.
O-O e6 9.c3 Be7 10.Bg5 h6 11.Bf4 O-O 12.Qb3 Qb6 13.Rfe1 Qxb3 14.Bxb3 
1/2-1/2

[Event "50th POL-ch"]
[Site "Czestochowa POL"]
[Date "1993.04.??"]
[Round "13"]
[White "Kuczynski, Robert"]
[Black "Ciemniak, Robert"]
[Result "1/2-1/2"]
[WhiteElo "2525"]
[BlackElo "2440"]
[EventDate "1993.04.17"]
[PlyCount "43"]

1.e4 c5 2.Nf3 Nc6 3.Bb5 e6 4.O-O Nge7 5.Nc3 Ng6 6.d4 cxd4 7.Nxd4 Be7 8.Be3
O-O 9.Qh5 a6 10.Bd3 d6 11.Nb3 Nge5 12.Be2 Nb4 13.Nd4 Nec6 14.Nxc6 bxc6 15.
Rac1 c5 16.a3 Nc6 17.f4 Rb8 18.Rb1 Bf6 19.Bd3 g6 20.Qh3 Nd4 21.Rf2 Bg7 22.
Nd1 1/2-1/2

[Event "50th POL-ch"]
[Site "Czestochowa POL"]
[Date "1993.04.??"]
[Round "13"]
[White "Maciejewski, Andrzej"]
[Black "Gizynski, Tomasz"]
[Result "1/2-1/2"]
[WhiteElo "2375"]
[BlackElo "2350"]
[EventDate "1993.04.17"]
[PlyCount "23"]

1.g3 d5 2.Bg2 e6 3.d3 c5 4.Nf3 Nc6 5.O-O Bd6 6.e4 Nge7 7.c3 O-O 8.a3 Qc7 
9.b4 f6 10.Bb2 Bd7 11.Nbd2 Rad8 12.Re1 1/2-1/2

[Event "50th POL-ch"]
[Site "Czestochowa POL"]
[Date "1993.04.??"]
[Round "13"]
[White "Matlak, Marek"]
[Black "Pinkas, Karol"]
[Result "1/2-1/2"]
[WhiteElo "2435"]
[BlackElo "2355"]
[EventDate "1993.04.17"]
[PlyCount "186"]

1.d4 d5 2.Nf3 c6 3.c4 Nf6 4.Qc2 e6 5.Bg5 Qa5+ 6.Nbd2 Ne4 7.Bf4 c5 8.Bxb8 
Rxb8 9.e3 cxd4 10.exd4 Bd7 11.a3 Bb4 12.c5 Rc8 13.Qd1 Bxd2+ 14.Nxd2 Qc7 
15.Bd3 Nxd2 16.Qxd2 e5 17.O-O exd4 18.Rfe1+ Be6 19.Bb5+ Kf8 20.b4 h5 21.
Qxd4 h4 22.h3 Rh6 23.Re5 Qd8 24.Bd3 Qf6 25.f4 Rh5 26.f5 Rg5 27.Rae1 Bd7 
28.R1e2 Rg3 29.Rxd5 Bc6 30.Qxf6 gxf6 31.Rd4 Kg7 32.Be4 Re8 33.Kf2 Rxa3 34.
Bxc6 Rxe2+ 35.Kxe2 bxc6 36.Rxh4 a5 37.bxa5 Rxa5 38.Rc4 Kh6 39.h4 Kh5 40.g3
Ra3 41.Kf2 Rd3 42.Kg2 Rd1 43.Kh2 Re1 44.Rd4 Re5 45.Kh3 Rxc5 46.Rd6 Kh6 47.
Rxf6+ Kg7 48.Rd6 Rxf5 49.Rxc6 Ra5 50.Rc4 Kg6 51.Kg4 Rb5 52.h5+ Kg7 53.Kh4 
Rf5 54.Rf4 Ra5 55.Kg4 Ra3 56.Rf3 Ra5 57.Rf5 Ra3 58.Kh4 Rb3 59.Rd5 Rf3 60.
Rd6 f6 61.Rd4 Kh6 62.Rg4 Rf1 63.Rg8 Rf2 64.Rh8+ Kg7 65.Rd8 Kh6 66.Rd5 Rf3 
67.Kg4 Ra3 68.Rf5 Kg7 69.Rf4 Rb3 70.Kh4 Rb1 71.Kg4 Rb3 72.Kh3 Kh6 73.Kh4 
Kg7 74.Rd4 Kh6 75.Kg4 Rb5 76.Rd8 Rg5+ 77.Kf4 Kxh5 78.Rh8+ Kg6 79.Rg8+ Kh6 
80.Rxg5 fxg5+ 81.Ke5 Kh5 82.Kf5 Kh6 83.g4 Kh7 84.Kf6 Kh6 85.Ke5 Kg7 86.Kf5
Kh6 87.Kf6 Kh7 88.Kxg5 Kg7 89.Kf5 Kf7 90.g5 Kg7 91.g6 Kg8 92.Kg4 Kg7 93.
Kg5 Kg8 1/2-1/2

[Event "50th POL-ch"]
[Site "Czestochowa POL"]
[Date "1993.04.??"]
[Round "13"]
[White "Pedzich, Dominik"]
[Black "Markowski, Tomasz"]
[Result "1-0"]
[WhiteElo "2390"]
[BlackElo "2450"]
[EventDate "1993.04.17"]
[PlyCount "51"]

1.e4 c5 2.Nf3 e6 3.b3 d6 4.Bb2 Nf6 5.e5 dxe5 6.Nxe5 Be7 7.Bd3 Nbd7 8.f4 
Qc7 9.O-O b6 10.Qe2 O-O 11.Na3 a6 12.Rf3 Bb7 13.Rh3 g6 14.Nac4 Rfd8 15.Rf1
Nf8 16.Ne3 Ne8 17.f5 exf5 18.Nxf5 gxf5 19.Qh5 Bf6 20.Bxf5 Rxd2 21.Bxh7+ 
Nxh7 22.Qxh7+ Kf8 23.Ng6+ fxg6 24.Rxf6+ Nxf6 25.Qxc7 Rd7 26.Rh8+ 1-0

[Event "50th POL-ch"]
[Site "Czestochowa POL"]
[Date "1993.04.??"]
[Round "13"]
[White "Schmidt, Wlodzimierz"]
[Black "Urban, Klaudiusz"]
[Result "1/2-1/2"]
[WhiteElo "2425"]
[BlackElo "2450"]
[EventDate "1993.04.17"]
[PlyCount "84"]

1.Nf3 Nf6 2.c4 e6 3.Nc3 d5 4.d4 Be7 5.Bg5 h6 6.Bxf6 Bxf6 7.e3 O-O 8.Rc1 c6
9.Bd3 Nd7 10.O-O dxc4 11.Bxc4 e5 12.h3 exd4 13.exd4 Nb6 14.Bb3 a5 15.Re1 
Bf5 16.Ne5 Bxe5 17.Rxe5 Bh7 18.a3 Qd6 19.Qf3 Nd7 20.Re3 Nf6 21.d5 Rae8 22.
Rd1 Rxe3 23.Qxe3 c5 24.Ba4 Bf5 25.Bb5 Rd8 26.Rd2 Bc8 27.Na4 Bd7 28.Bxd7 
Nxd7 29.Nc3 Nf6 30.Qd3 Re8 31.Re2 Rxe2 32.Qxe2 Kf8 33.Qb5 b6 34.Qa6 Qb8 
35.g3 g6 36.Qe2 Qd6 37.Qb5 Qc7 38.Qd3 Qd6 39.Qb5 h5 40.h4 Qc7 41.Qd3 Qd6 
42.Kg2 Ke7 1/2-1/2